Využití moderních technologií označování výrobků ve vztahu k ochraně spotřebitele
Možnosti označovania výrobkov v nadväznosti na doteraz používané spôsoby. Aplikácie moderných spôsobov označovania tovarov v pozitívnom i negatívnomm aspekte na spotrebiteľa. Moderné technológie označovania výrobkov ako konkurenčná výhoda na trhu.
Gespeichert in:
| 1. Verfasser: | |
|---|---|
| Format: | Buchkapitel |
| Sprache: | Tschechisch |
| Schlagworte: | |
| Tags: |
Keine Tags, Fügen Sie das erste Tag hinzu!
|
MARC
| LEADER | 00000nla$a2200000$$$4500 | ||
|---|---|---|---|
| 001 | 0148544 | ||
| 005 | 20221107084858.1 | ||
| 041 | 0 | |a cze | |
| 044 | |a CZ | ||
| 245 | 1 | 0 | |a Využití moderních technologií označování výrobků ve vztahu k ochraně spotřebitele |c Pavla Vanduchová |
| 520 | |a Možnosti označovania výrobkov v nadväznosti na doteraz používané spôsoby. Aplikácie moderných spôsobov označovania tovarov v pozitívnom i negatívnomm aspekte na spotrebiteľa. Moderné technológie označovania výrobkov ako konkurenčná výhoda na trhu. | ||
| 610 | 2 | 0 | |a spotrebitelia |
| 610 | 2 | 0 | |a ochrana spotrebiteľa |
| 610 | 2 | 0 | |a správanie spotrebiteľa |
| 610 | 2 | 0 | |a spokojnosť zákazníkov |
| 610 | 2 | 0 | |a označovanie tovarov |
| 610 | 2 | 0 | |a etikety |
| 610 | 2 | 0 | |a technológie nové |
| 610 | 2 | 0 | |a konkurencia |
| 100 | 1 | |a Vanduchová, Pavla | |